000 00701nam a2200289Ia 4500
005 20260324131303.0
008 008 260324s9999 xx 000 0 eng d
020 _a9781351282642
037 _aEBOOK
040 _aCRL
040 _beng
040 _cCRL
041 _2eng
041 _aeng
084 _qCRL
100 _aJacqueline Cramer
_91184940
245 0 _aCorporate Social Responsibility and Globalisation
245 3 _bAn Action Plan for Business
260 _bTaylor and Francis
260 _c2006
365 _a
365 _b55.99
856 _uhttp://www.taylorfrancis.com/books/9781351282642
942 _cEBOOK
999 _c1781949
_d1781949